00826nam a2200241Ia 4500003000900000008004100009020001800050040001600068080002000084100001900104245008900123260003400212300001300246650004700259650004700306650004100353700002000394700002100414700002300435942000700458999001500465952010400480IN-BaIIA211028s9999 xx 000 0 eng d a3-540-10134-9 cIIA Library a048.1:52b79-26 aBohme, S99376 0aAstronomy and Astrophysicsbvol. 26, pt. 2, literature 1979cS. Bohme.., [et al.]  aBerlinbSpringer-Verlagc1980 ax, 794p. aAbstracts-Astronomy and Astrophysics96051 aAstronomy and Astrophysics Abstracts96052 aAstronomy and Astrophysics Thesaurus aEsser, U.99455 aFricke, W.99456 aHeinrich, I.99916 cBK c6750d6750 00102ddc4070aBANbBANcGENd1981-06-16l0o048.1:52/ AAA-26p7509r2021-11-05w1981-06-16yBKG